00577nam a2200169Ia 4500003000900000008004100009040001600050080001300066100002200079245009500101260006900196300001600265490005400281650004100335650001900376650001200395IN-BaIIA211028s9999 xx 000 0 eng d cIIA Library a533bBRO aBrown, Sanborn C. 0aBasic data of plasma physicscSanborn C. Brown  aMassachusettsbMassachusetts Institute of Tehcnology Pressc1959 aviii, 336p. aTechnology press books in science and engineering aAstronomy and astrophysics thesaurus aPlasma physics aPlasmas